| 000 | 01290 a2200205 4500 | ||
|---|---|---|---|
| 001 | 31194 | ||
| 005 | 20260407155618.0 | ||
| 008 | 260407a1976 arg spa d | ||
| 003 | AR-UNSa-BCEJYS | ||
| 040 |
_aAR-UNSa-BCEJYS _bspa _cAR-UNSa-BCEJYS |
||
| 080 |
_a658:631.1 _xAdministración de empresas agropecuarias(maquinarias, etc.) |
||
| 245 | 1 | 0 | _aManual administrativo contable para explotaciones agropecuarias |
| 250 | _a2a. ed | ||
| 264 | 1 |
_aBuenos Aires : _bCangallo _c1976 |
|
| 300 |
_a364 p. _c23 cm. |
||
| 505 | _a1. Contabilidad para explotaciones agropecuarias - 2. Técnica contable - 3. Organización de la contabilidad - 4. Explotación ganadera - 5. Explotación agrícola - 6. Explotación frutícola - 7. Explotación avícola - 8. Explotación agrícola, ganadera y de tambos - 9. Balance general - 10. Valuación de inventarios - 11. Desarrollo de contabilidades y confección de los estados contables - 12. Informes de auditoría - 13. Balances comparativos e indices de rentabilidad - 14. Papeles de trabajo - 15. Sistema simple de contabilidad para pequeños productores - 16. Modelos de contratos usuales en el negocio agropecuario - 17. Documentación respaldatoria | ||
| 942 | _cBK | ||
| 590 | _aniveau_biblio:m niveau_hierar:0 | ||
| 100 | 1 | _aLema, Andrés Emilio | |
| 999 |
_c2163 _d2163 |
||